000 00592nam a2200193Ia 4500
003 GCL
008 140319s9999 xx 000 0 ara d
040 _aGCL /
_cGCL
082 0 4 _a812.052
_bع ا
100 1 _aعلى سالم (مترجم)
245 1 0 _aايام الضحك والفكر /
_cعلى سالم (مترجم)
260 _a[S.N] :
_bالدار المصرية اللبنانية ،
_c1992
300 _a265 ص
490 _a
650 0 4 _aالادب العربى
650 0 4 _aالاهاجى والفكاهات
650 0 4 _aالسخرية فى الادب
942 _2ddc
_cBK
999 _c29734
_d29734